[Event "Copenhagen GoAudit op"]
[Site "Copenhagen"]
[Date "2019.11.08"]
[Round "2"]
[White "Petersen, Christian"]
[Black "Christensen, Lasse"]
[Result "0-1"]
[WhiteElo "1768"]
[BlackElo "2204"]
[PlyCount "53"]
[EventDate "2019.11.08"]
[EventType "swiss"]
[EventRounds "8"]
[EventCountry "DEN"]
[SourceTitle "EXT 2021"]
[Source "ChessBase"]
[SourceDate "2020.10.23"]
[SourceVersion "1"]
[SourceVersionDate "2020.10.23"]
[SourceQuality "1"]

1. d4 Nf6 2. c4 e6 3. Nf3 b6 4. g3 Bb7 5. Bg2 Be7 6. Nc3 0-0 7. 0-0 d5 8. Ne5 Nbd7 9. f4 c5 10. e3 Rc8 11. Qa4 a6 12. Qd1 Qc7 13. b3 dxc4 14. Nxc4 Bxg2 15. Kxg2 cxd4 16. exd4 b5 17. Ne5 Qxc3 18. Bd2 Qxd4 19. Nf3 Qd3 20. Qe1 Ne4 21. Rd1 Ndf6 22. Ne5 Qc2 23. Kh3 Nxd2 24. Rxd2 Qf5+ 25. g4 Nxg4 26. Nxg4 Qh5+ 27. Kg3 0-1

[Event "Helsingor Xtracon op"]
[Site "Helsingor"]
[Date "2019.07.20"]
[Round "1"]
[White "Christensen, Lasse"]
[Black "Weersing, Abigail Riis"]
[Result "1-0"]
[WhiteElo "2158"]
[BlackElo "1709"]
[PlyCount "57"]
[EventDate "2019.07.20"]
[EventType "swiss"]
[EventRounds "10"]
[EventCountry "DEN"]
[SourceTitle "CBM 191 Extra"]
[Source "ChessBase"]
[SourceDate "2019.09.30"]
[SourceVersion "1"]
[SourceVersionDate "2019.09.30"]
[SourceQuality "1"]

1. d4 Nf6 2. Nf3 e6 3. c4 d5 4. g3 c6 5. Bg2 Be7 6. 0-0 0-0 7. Nc3 Nbd7 8. Ne5 Bd6 9. f4 dxc4 10. Nxc4 Bc7 11. e4 b5 12. Ne3 Nb6 13. e5 Nfd5 14. Ne4 Nxe3 15. Bxe3 Nc4 16. Qe2 Bb6 17. Rfd1 Bb7 18. b3 Nxe3 19. Qxe3 Bc7 20. Nc5 Qc8 21. Rac1 Rb8 22. Be4 Bb6 23. Qf3 Rd8 24. g4 Rf8 25. Qh3 g6 26. f5 exf5 27. gxf5 f6 28. e6 Bxc5 29. dxc5 1-0

[Event "Helsingor Xtracon op"]
[Site "Helsingor"]
[Date "2016.07.28"]
[Round "7"]
[White "Holm, Kristian Stuvik"]
[Black "Christensen, Lasse"]
[Result "1-0"]
[WhiteElo "2411"]
[BlackElo "2162"]
[PlyCount "71"]
[EventDate "2016.07.23"]
[EventType "swiss"]
[EventRounds "10"]
[EventCountry "DEN"]
[SourceTitle "CBM 173 Extra"]
[Source "ChessBase"]
[SourceDate "2016.08.29"]
[SourceVersion "1"]
[SourceVersionDate "2016.08.29"]
[SourceQuality "1"]

1. d4 e6 2. c4 f5 3. g3 Nf6 4. Bg2 d5 5. Nh3 Bd6 6. 0-0 0-0 7. Nd2 c6 8. Nf3 Ne4 9. Qc2 Nd7 10. Nf4 Qe7 11. Nd3 g5 12. Nfe5 Qg7 13. f3 Nef6 14. b4 Bc7 15. Bb2 Nxe5 16. dxe5 Nd7 17. Kh1 Nb6 18. cxd5 Nxd5 19. Bd4 f4 20. e4 fxe3 21. f4 h5 22. Be4 g4 23. b5 Ba5 24. bxc6 bxc6 25. Qxc6 Bd7 26. Qa6 Bb6 27. Nc5 Bc6 28. Bg2 Qe7 29. Qd3 Rf7 30. Qg6+ Rg7 31. Qxe6+ Qxe6 32. Nxe6 Bxd4 33. Nxd4 Bb7 34. Rab1 Nb6 35. Bxb7 Rxb7 36. Nf5 1-0

[Event "Helsingor Xtracon op"]
[Site "Helsingor"]
[Date "2016.07.24"]
[Round "3"]
[White "Gjare, Vidar"]
[Black "Christensen, Lasse"]
[Result "0-1"]
[WhiteElo "1646"]
[BlackElo "2162"]
[PlyCount "46"]
[EventDate "2016.07.23"]
[EventType "swiss"]
[EventRounds "10"]
[EventCountry "DEN"]
[SourceTitle "CBM 173 Extra"]
[Source "ChessBase"]
[SourceDate "2016.08.29"]
[SourceVersion "1"]
[SourceVersionDate "2016.08.29"]
[SourceQuality "1"]

1. e4 c6 2. c4 d5 3. cxd5 cxd5 4. exd5 Nf6 5. d4 g6 6. Nf3 Bg7 7. Bb5+ Nbd7 8. Nc3 0-0 9. d6 exd6 10. 0-0 a6 11. Bd3 b5 12. b4 Nb6 13. a4 bxa4 14. Nxa4 Nbd5 15. b5 axb5 16. Bxb5 Nc3 17. Nxc3 Rxa1 18. Qd3 Bf5 19. Qd2 Qa5 20. Nh4 Ne4 21. Nxe4 Bxe4 22. Qe3 Qxb5 23. Qxe4 Qc4 0-1

[Event "Aktiv Alliancen-A"]
[Site "Taastrup"]
[Date "1997.??.??"]
[Round "6"]
[White "Auchenberg, Per"]
[Black "Christensen, Lasse"]
[Result "0-1"]
[WhiteElo "2150"]
[BlackElo "2300"]
[PlyCount "88"]
[EventDate "1997.??.??"]
[EventType "tourn (rapid)"]
[EventRounds "7"]
[EventCountry "DEN"]
[SourceTitle "EXT 1999"]
[Source "ChessBase"]
[SourceDate "1998.11.16"]
[SourceVersion "1"]
[SourceVersionDate "1998.11.16"]
[SourceQuality "1"]

1. d4 f5 2. Nc3 d5 3. Bg5 c6 4. e3 Be6 5. Nf3 Nd7 6. Bd3 Ngf6 7. Bxf6 exf6 8. Ne2 g6 9. c3 Bd6 10. Qc2 Qc7 11. g3 0-0-0 12. 0-0-0 Kb8 13. Kb1 Nb6 14. Nf4 Bf7 15. h4 h5 16. b3 Rhe8 17. Ne2 Bf8 18. Nd2 Nc8 19. c4 c5 20. Rc1 Nb6 21. cxd5 Bxd5 22. Rhf1 Rc8 23. Nf4 Bf7 24. Qb2 Qd7 25. Nf3 Nd5 26. Nxd5 Bxd5 27. Nd2 Bc6 28. Nc4 cxd4 29. exd4 Rcd8 30. Na5 Be4 31. Bxe4 Rxe4 32. Rfd1 Rxd4 33. Rxd4 Qxd4 34. Qxd4 Rxd4 35. Kc2 Bb4 36. Nc4 Kc7 37. Rd1 Rxd1 38. Kxd1 b5 39. Ne3 Kd6 40. Kc2 Bc5 41. Nd1 Ke5 42. Kd3 f4 43. Ke2 Bd4 44. Kf3 fxg3 0-1

[Event "Aktiv Alliancen-A"]
[Site "Taastrup"]
[Date "1997.??.??"]
[Round "2"]
[White "Christensen, Bo Garner"]
[Black "Christensen, Lasse"]
[Result "0-1"]
[WhiteElo "2265"]
[BlackElo "2300"]
[PlyCount "48"]
[EventDate "1997.??.??"]
[EventType "tourn (rapid)"]
[EventRounds "7"]
[EventCountry "DEN"]
[SourceTitle "EXT 1999"]
[Source "ChessBase"]
[SourceDate "1998.11.16"]
[SourceVersion "1"]
[SourceVersionDate "1998.11.16"]
[SourceQuality "1"]

1. e4 c5 2. Nf3 d6 3. d4 cxd4 4. Nxd4 Nf6 5. Nc3 g6 6. Be3 Bg7 7. f3 Nc6 8. Qd2 0-0 9. Bc4 Qa5 10. 0-0-0 Bd7 11. g4 Rfc8 12. Bb3 Ne5 13. Kb1 Nc4 14. Bxc4 Rxc4 15. h4 Rac8 16. Nb3 Qd8 17. h5 Bxg4 18. hxg6 hxg6 19. fxg4 Rxc3 20. Bd4 Rxc2 21. Qd3 e5 22. Bxe5 Qe7 23. Bxd6 Qxe4 24. Nd4 Rc1+ 0-1

[Event "Ringsted op"]
[Site "Ringsted"]
[Date "1995.??.??"]
[Round "7"]
[White "Christensen, Lasse"]
[Black "Pedersen, Daniel Vesterbaek"]
[Result "1-0"]
[WhiteElo "2310"]
[BlackElo "2245"]
[PlyCount "51"]
[EventDate "1995.??.??"]
[EventType "swiss"]
[EventRounds "7"]
[EventCountry "DEN"]
[SourceTitle "EXT 1998"]
[Source "ChessBase"]
[SourceDate "1997.11.17"]
[SourceVersion "1"]
[SourceVersionDate "1997.11.17"]
[SourceQuality "1"]

1. d4 d5 2. c4 dxc4 3. Nf3 c6 4. e3 b5 5. a4 e6 6. b3 b4 7. bxc4 c5 8. Bb2 Nf6 9. Bd3 Bb7 10. 0-0 Be7 11. Nbd2 0-0 12. Qc2 h6 13. Ne5 Nc6 14. Ndf3 Qc7 15. Rad1 Rad8 16. Qe2 Nxe5 17. Nxe5 Nd7 18. f4 Nxe5 19. fxe5 Bc6 20. Bc2 Qb7 21. Qd3 g6 22. Rf4 h5 23. h4 Rd7 24. d5 exd5 25. e6 Rd6 26. Rxf7 1-0

[Event "Ringsted op"]
[Site "Ringsted"]
[Date "1995.??.??"]
[Round "6"]
[White "Jakobsen, Lars Veno"]
[Black "Christensen, Lasse"]
[Result "1-0"]
[WhiteElo "2280"]
[BlackElo "2310"]
[PlyCount "80"]
[EventDate "1995.??.??"]
[EventType "swiss"]
[EventRounds "7"]
[EventCountry "DEN"]
[SourceTitle "EXT 1998"]
[Source "ChessBase"]
[SourceDate "1997.11.17"]
[SourceVersion "1"]
[SourceVersionDate "1997.11.17"]
[SourceQuality "1"]

1. d4 f5 2. g3 Nf6 3. Bg2 e6 4. Nf3 d5 5. 0-0 Bd6 6. c4 b6 7. Qc2 0-0 8. Bf4 Bxf4 9. gxf4 Na6 10. Ne5 Ne4 11. Nc3 Bb7 12. Rac1 Qh4 13. e3 Rad8 14. Nb5 c5 15. a3 Rf6 16. Nxa7 Rh6 17. h3 cxd4 18. Nf3 Qh5 19. Nxd4 dxc4 20. f3 Rg6 21. Rfd1 Re8 22. Qe2 Qxh3 23. Nac6 Ng3 24. Qd2 Qh4 25. Ne5 Rh6 26. Ne2 Nh1 27. Qe1 Qh2+ 28. Kf1 Nc5 29. Bxh1 Qxh1+ 30. Ng1 Nd3 31. Nxd3 Rg6 32. Qf2 cxd3 33. Rc7 Bxf3 34. Rxd3 Be4 35. Rd2 Rg2 36. Qxg2 Bxg2+ 37. Rxg2 g6 38. Rd2 Qh5 39. Rdd7 Rf8 40. Rb7 Rc8 1-0

[Event "Hedehusene"]
[Site "Hedehusene"]
[Date "1994.??.??"]
[Round "4"]
[White "Christensen, Lasse"]
[Black "Greger, Roland Reinhard"]
[Result "1/2-1/2"]
[WhiteElo "2260"]
[BlackElo "2275"]
[PlyCount "27"]
[EventDate "1994.??.??"]
[EventType "tourn"]
[EventRounds "9"]
[EventCountry "DEN"]
[SourceTitle "EXT 1998"]
[Source "ChessBase"]
[SourceDate "1997.11.17"]
[SourceVersion "1"]
[SourceVersionDate "1997.11.17"]
[SourceQuality "1"]

1. d4 Nf6 2. c4 e6 3. Nc3 Bb4 4. g3 c5 5. Nf3 d5 6. cxd5 Nxd5 7. Bd2 Nc6 8. Nxd5 Bxd2+ 9. Qxd2 Qxd5 10. dxc5 Qxc5 11. Bg2 0-0 12. Rc1 Qh5 13. 0-0 e5 14. Rfd1 1/2-1/2

[Event "DEN-chB"]
[Site "Denmark"]
[Date "1992.??.??"]
[Round "5"]
[White "Christensen, Lasse"]
[Black "Nielsen, Lars"]
[Result "1/2-1/2"]
[WhiteElo "2270"]
[BlackElo "2305"]
[PlyCount "61"]
[EventDate "1992.??.??"]
[EventType "swiss"]
[EventRounds "7"]
[EventCountry "DEN"]
[SourceTitle "TD"]
[Source "ChessBase"]
[SourceDate "1994.03.01"]
[SourceVersion "1"]
[SourceVersionDate "1994.03.01"]
[SourceQuality "1"]

1. d4 e6 2. c4 b6 3. e4 Bb7 4. Bd3 f5 5. exf5 Bb4+ 6. Kf1 exf5 7. c5 bxc5 8. a3 c4 9. Bxc4 Bd6 10. Qb3 Ba6 11. Bxa6 Nxa6 12. Nf3 c6 13. Nc3 Qb6 14. Qc4 Nc7 15. g3 Qa6 16. Qxa6 Nxa6 17. d5 Ne7 18. dxc6 dxc6 19. Kg2 0-0 20. Rd1 Rad8 21. Be3 Bc5 22. Bxc5 Nxc5 23. b4 Ne4 24. Nxe4 fxe4 25. Ng5 e3 26. Rxd8 Rxd8 27. fxe3 Rd2+ 28. Kf3 h6 29. Ne6 Rxh2 30. Nd4 Rd2 31. Rc1 1/2-1/2